000 01072naa a22003017a 4500
001 BR8203709
003 BR-BrBNA
005 20240918175123.0
007 ta
008 230509b bl.||||| |||| 00| 0 por d
040 _aBR-BrBNA
_bpor
_cBiblioteca Nacional de Agricultura
041 _a(Pt)
072 _aF00
_b1900
_b3575
090 _aF00 BR8203709
100 1 _aPrimo, A.T.
111 1 _a2. Simposio Nacional sobre Sementes de Forrageiras
_cNova Odessa, SP (Brazil)
_d22 Apr 1982
245 1 _aFatores limitantes da producao de sementes de forrageiras
260 3 _aSao Paulo, SP (Brasil):
_c1982.
500 _aAnais do 2. Simposio Nacional sobre Sementes de Forrageiras Sao Paulo, SP (Brasil): 1982. p. 71-75 (BR8203709-AM)F00
650 _aPLANTA FORRAGEIRA
650 _aSEMENTE
650 _aCOLHEITA
650 _aSECAGEM
650 _aARMAZENAMENTO
773 0 _tAnais do 2. Simposio Nacional sobre Sementes de Forrageiras
_wF00 BR8203709
_gSao Paulo, SP (Brasil), 1982. p. 71-75
909 _a202404
_bLucia
_c55
_dLucia Elande
942 _cAM
_2AGRIS
999 _c315122
_d315122